000 01319nam a2200337 i 4500
001 000003019
003 DO-SdBNP
005 20260331094823.0
007 ta
008 090706s1999 dr 000 0 spa d
040 _aDO-SdBNP
_bspa
_cBNPHU
_erda
041 _aspa
082 4 _a338.9
_bS211e
_222
100 1 _aSánchez Hernández, Antonio,
_d1942-
_eautor
_4aut.
_91640
245 1 0 _aEnsayo sobre modernidad y desarrollo en República Dominicana.
_cAntonio Sánchez Hernández
264 4 _aSanto Domingo :
_bEditoria Univesitaria-UASD,
_c©1999.
300 _a188 páginas ;
_c21 cm.
336 _atexto
_btxt
_2rdacontent
337 _asin mediación
_bn
_2rdamedia
338 _avolumen
_bnc
_2rdacarrier
490 1 _aPublicaciones de la Universidad Autónoma de Santo Domingo
490 1 _aEconomía y sociedad
_v13
500 _aIncluye referencias bibliográficas y notas al pie de las páginas
504 _aBibliografía : páginas 185-188.
590 _aInventariado, 2026/BT
650 4 _aDesarrollo económico
_zRepública Dominicana
_xHistoria
_99571
650 4 _aCrecimiento económico
_zRepública Dominicana
_99572
830 0 _aPublicaciones de la Universidad Autónoma de Santo Domingo
_n13
_pEconomía y sociedad
_99573
910 _aValidado. Control de calidad. EMS
942 _2ddc
_cLBS1
999 _c2851
_d2851